ROYGBIV Game Quiz Stats

 Plays Quiz Updated Apr 18, 2019

Score 0/42 Timer 06:00
2 Plays Today
Category Answer % Correct
Colors of the RainbowRed
99.6%
Colors of the RainbowYellow
99.2%
Colors of the RainbowOrange
99.2%
Colors of the RainbowGreen
99.2%
Colors of the RainbowBlue
99.1%
Colors of the RainbowViolet
97.8%
Colors of the RainbowIndigo
96.9%
Asian CountriesIndia...
88%
Chemical ElementsOxygen...
77.1%
Asian CountriesVietnam
76.5%
Chemical ElementsIodine...
75.8%
Chemical ElementsRadium...
74.1%
Asian CountriesYemen
73.6%
Chemical ElementsBoron...
73.2%
Big 4 US Sports TeamsRavens...
73.1%
Asian CountriesOman
69.5%
Big 4 US Sports TeamsBears...
66.4%
Rock and Roll Hall of Fame BandsRush...
65.4%
Asian CountriesBangladesh...
65.1%
Rock and Roll Hall of Fame BandsBee Gees...
64.1%
World CapitalsBaghdad...
63.8%
Category Answer % Correct
Asian CountriesRussia
63.4%
Chemical ElementsGold...
60.6%
World CapitalsRome...
59.6%
Big 4 US Sports TeamsOrioles...
57.7%
World CapitalsOttawa...
57.5%
Big 4 US Sports TeamsIndians...
54.3%
World CapitalsVienna...
51.5%
Big 4 US Sports TeamsGiants...
50%
Big 4 US Sports TeamsYankees
44.9%
Chemical ElementsYttrium...
43.4%
Big 4 US Sports TeamsVikings
43.2%
Asian CountriesGeorgia
42.6%
Rock and Roll Hall of Fame BandsGenesis...
40%
Rock and Roll Hall of Fame BandsThe O'Jays...
38.6%
Chemical ElementsVanadium
33.1%
Rock and Roll Hall of Fame BandsYes...
31.5%
World CapitalsGeorgetown...
27.9%
Rock and Roll Hall of Fame BandsVan Halen...
27.4%
World CapitalsIslamabad
26%
World CapitalsYerevan...
24.1%
Rock and Roll Hall of Fame BandsThe Impressions...
7.7%

You're not logged in!

Compare scores with friends on all Sporcle quizzes.
OR
Log In

Sporcle TV

Today on Sporcle TV


Watch our educational content, quiz creation guides, and fun videos on Sporcle TV.

Show Comments

Extras

Top Quizzes Today


Score Distribution

Your Account Isn't Verified!

In order to create a playlist on Sporcle, you need to verify the email address you used during registration. Go to your Sporcle Settings to finish the process.

Report this User

Report this user for behavior that violates our Community Guidelines.

Details: